LEADER 01398nam a2200289 4500 001 000000360568 003 CaOOAMICUS 005 20241105135113.0 008 241105s2023 gw 000 u ger r 020 $a978-3-451-39560-4 040 $aSeMil$bita 245 00$aEthisches Argumentieren :$bReichweite und Grenzen zentraler Denkfiguren /$cherausgegeben von Katharina Klöcker und Thomas Laubach. 264 1$aFreiburg ; Basel ; Wien :$bHerder,$c2023. 300 $a236 p. ;$c21 cm 490 1 $aJahrbuch für Moraltheologie ;$v7 650 4$aArgomentazione - Etica.$0(OLS)http://semarc/subject/56613 650 4$aTeologia morale.$0(OLS)http://semarc/subject/91 650 4$aGiudizio .$0(OLS)http://semarc/subject/56614 700 1 $aLaubach, Thomas,$d<1964- >.$0(OLS)http://semarc/name/110447 700 1 $aKlöcker, Katharina,$d<1972- >.$0(OLS)http://semarc/name/120835 830 0$aJahrbuch für Moraltheologie ;$v7.$0(OLS)http://semarc/title/451079 850 $aSeMil 852 $aSeMil$W1$xVenegono$y1$m2MA S 7$j252055$B251575$CSeMilBibl$Z2$F251575 $81 996 $6020$a978-3-451-39560-4$9(OLS)http://semarc/number/301702 996 $6245$aEthisches Argumentieren :$bReichweite und Grenzen zentraler Denkfiguren$9(OLS)http://semarc/title/451087 996 $6264$aFreiburg ; Basel ; Wien :$bHerder$9(OLS)http://semarc/publisher/29643 LEADER 01477nam a2200217 i 4500 001 000000147492 003 CaOOAMICUS 005 20131216000000.0 008 131216s1612 it u000 u lat u 013 $a124705 026 $aiao- m.em ener uade (3) 1612 (R) 040 $aSeMil$bita 245 10$aPrima pars. 300 $a[104], 752 p., 38, [2] c. :$bill. 500 $aFront. stampato in rosso e nero. - Vignetta calcogr. sul v. del front. - Segn. : a-f8 g4 A-3A8 A-E8. 500 $aMarca editoriale: Un giglio fiorentino rosso. In una cornice figurata. (O1121). 773 0 $aTommaso : d'Aquino $tSumma totius theologiae D. Thomae de Aquino; ... cum elucidationibus formalibus; ... per f. Seraphinum Capponi a Porrecta, ... editis; ... Accessere porro luculentissima, subtilissimaque commentaria, ... Thomae de Vio, Caietani, ... Adsunt & Caietani Opuscula, & illa eruditissima; quae admodum r.p. Chrysostomus Iauellus, in primum tractatum primae partis composuit. Colligantur & his quodlibeta: De praescientia & praedestinatione tractatus Sancti Thomae: eisdemque attributae Quaestiones, tum De motoribus orbium, tum De principio indiuiduationis: Augustini Hunnaei Axiomata de sacramentis ecclesiae & catechismus.$dVenetiis : apud Iuntas, 1612.$g1$w()29259 850 $aSeMil 852 $aSeMil$W1$xVenegono$y1$m2N VI 1 FA$j100043$B100043$CSeMilBibl$Z2$F0 $8I 961 $aOmaggio: Altro 996 $6245$aPrima pars$9(OLS)http://semarc/title/73745